000 00479nam a2200169Ia 4500
008 090124s9999 xx 000 0 und d
082 _b102843
100 _aबांदेकर दत्तु
245 _a अमृतवाणी
250 _a1
300 _a99
600 _aबांदेकर दत्तु
630 _a अमृतवाणी
700 _aबांदेकर दत्तु
730 _a अमृतवाणी
942 _cBOOK
999 _c148935
_d148935